[Event "Masters Tournament (MTO)"]
[Site "Biel, CH"]
[Date "2025.07.16"]
[Round "3"]
[White "Hirzel, Cedric"]
[Black "Chen, Jun-Wei"]
[Result "1/2-1/2"]
[Board "35"]
[WhiteFideId "1341910"]
[BlackFideId "16304128"]
[WhiteElo "2141"]
[BlackElo "1906"]
[WhiteTeam "SUI"]
[BlackTeam "TPE"]
[WhiteClock "0:25:38"]
[BlackClock "1:05:06"]
[Variant "Standard"]

1. d4 {[%clk 1:38:24]}  Nf6 {[%clk 1:40:53]} 2. c4 {[%clk 1:38:46]}  e6 {[%clk 1:41:19]} 3. Nf3 {[%clk 1:38:29]}  d5 {[%clk 1:41:44]} 4. g3 {[%clk 1:38:39]}  Bb4+ {[%clk 1:42:07]} 5. Bd2 {[%clk 1:39:03]}  Be7 {[%clk 1:42:31]} 6. Bg2 {[%clk 1:39:29]}  O-O {[%clk 1:42:51]} 7. Qc2 {[%clk 1:39:57]}  c6 {[%clk 1:43:06]} 8. O-O {[%clk 1:40:20]}  Nbd7 {[%clk 1:43:30]} 9. Rd1 {[%clk 1:40:28]}  Ne4 {[%clk 1:43:52]} 10. Be3 {[%clk 1:40:24]}  Nd6 {[%clk 1:42:47]} 11. b3 {[%clk 1:38:17]}  Nf5 {[%clk 1:42:58]} 12. Bc1 {[%clk 1:37:37]}  b5 {[%clk 1:35:54]} 13. Nbd2 {[%clk 1:32:06]}  Ba6 {[%clk 1:11:29]} 14. e4 {[%clk 1:12:38]}  dxe4 {[%clk 1:23:45]} 15. Nxe4 {[%clk 1:12:44]}  bxc4 {[%clk 1:23:54]} 16. bxc4 {[%clk 1:13:03]}  Nb6 {[%clk 1:24:11]} 17. Ne5 {[%clk 1:12:58]}  Nxd4 {[%clk 1:18:39]} 18. Rxd4 {[%clk 1:11:26]}  Qxd4 {[%clk 1:21:30]} 19. Bb2 {[%clk 1:11:12]}  Qd8 {[%clk 1:21:39]} 20. Nxc6 {[%clk 1:09:57]}  Qc7 {[%clk 1:17:41]} 21. Qc3 {[%clk 0:59:24]}  f6 {[%clk 1:14:47]} 22. Nxe7+ {[%clk 0:55:18]}  Qxe7 {[%clk 1:18:18]} 23. Ba3 {[%clk 0:54:28]}  Qc7 {[%clk 1:13:38]} 24. Nc5 {[%clk 0:46:03]}  Bc8 {[%clk 1:13:48]} 25. Bxa8 {[%clk 0:29:57]}  Nxa8 {[%clk 1:07:56]} 26. Na6 {[%clk 0:23:47]}  Bxa6 {[%clk 1:07:57]} 27. Bxf8 {[%clk 0:24:06]}  Qc6 {[%clk 1:05:40]} 28. Ba3 {[%clk 0:22:22]}  Bxc4 {[%clk 1:07:03]} 29. Rd1 {[%clk 0:20:09]}  Nb6 {[%clk 1:02:54]} 30. Rd8+ {[%clk 0:11:26]}  Kf7 {[%clk 1:03:21]} 31. Qc2 {[%clk 0:11:20]}  f5 {[%clk 1:02:56]} 32. Qd1 {[%clk 0:10:14]}  Kg6 {[%clk 1:01:21]} 33. Bb2 {[%clk 0:09:35]}  Bxa2 {[%clk 0:57:55]} 34. Rd6 {[%clk 0:04:06]}  Qe4 {[%clk 0:47:50]} 35. Rd4 {[%clk 0:03:47]}  Qb1 {[%clk 0:42:56]} 36. Qxb1 {[%clk 0:03:53]}  Bxb1 {[%clk 0:43:24]} 37. Rd6 {[%clk 0:03:46]}  Ba2 {[%clk 0:39:35]} 38. Bd4 {[%clk 0:03:57]}  Bd5 {[%clk 0:39:27]} 39. Bxb6 {[%clk 0:04:22]}  axb6 {[%clk 0:39:53]} 40. Rxb6 {[%clk 0:04:45]}  Kf6 {[%clk 0:40:18]} 41. f4 {[%clk 0:04:52]}  g5 {[%clk 0:39:54]} 42. Kf2 {[%clk 0:01:31]}  Kg6 {[%clk 0:38:48]} 43. Ke3 {[%clk 0:01:02]}  h6 {[%clk 0:38:41]} 44. Rb8 {[%clk 0:28:59]}  Ba2 {[%clk 1:06:11]} 45. Kd4 {[%clk 0:29:22]}  Bd5 {[%clk 1:06:33]} 46. Ke5 {[%clk 0:29:46]}  Ba2 {[%clk 1:06:58]} 47. Rb7 {[%clk 0:29:43]}  Bd5 {[%clk 1:07:21]} 48. Re7 {[%clk 0:30:09]}  Ba2 {[%clk 1:07:42]} 49. Rxe6+ {[%clk 0:26:55]}  Bxe6 {[%clk 1:04:47]} 50. Kxe6 {[%clk 0:27:22]}  g4 {[%clk 1:05:06]} 51. Ke5 {[%clk 0:25:38]} 1/2-1/2

[Event "Masters Tournament (MTO)"]
[Site "Biel, CH"]
[Date "2025.07.16"]
[Round "3"]
[White "Bai, Xue"]
[Black "Schultze, Joerg-Martin, Dr."]
[Result "1-0"]
[Board "36"]
[WhiteFideId "8608717"]
[BlackFideId "12972070"]
[WhiteElo "2124"]
[BlackElo "1865"]
[WhiteTeam "CHN"]
[BlackTeam "GER"]
[WhiteClock "0:57:49"]
[BlackClock "0:02:01"]
[Variant "Standard"]

1. e4 {[%clk 1:40:55]}  c5 {[%clk 1:40:46]} 2. Nf3 {[%clk 1:41:18]}  e6 {[%clk 1:41:04]} 3. d4 {[%clk 1:41:41]}  cxd4 {[%clk 1:41:28]} 4. Nxd4 {[%clk 1:42:06]}  Nf6 {[%clk 1:41:48]} 5. Nc3 {[%clk 1:42:30]}  Nc6 {[%clk 1:42:12]} 6. Ndb5 {[%clk 1:39:21]}  Bc5 {[%clk 1:41:35]} 7. Nd6+ {[%clk 1:39:06]}  Ke7 {[%clk 1:40:41]} 8. Bf4 {[%clk 1:39:20]}  e5 {[%clk 1:40:24]} 9. Nf5+ {[%clk 1:39:40]}  Kf8 {[%clk 1:40:21]} 10. Be3 {[%clk 1:32:07]}  Bb4 {[%clk 1:39:53]} 11. Ng3 {[%clk 1:28:45]}  h5 {[%clk 1:28:18]} 12. Bc4 {[%clk 1:23:57]}  h4 {[%clk 1:26:22]} 13. Nge2 {[%clk 1:24:20]}  Na5 {[%clk 1:11:17]} 14. Bd5 {[%clk 1:22:37]}  d6 {[%clk 0:56:39]} 15. Bg5 {[%clk 1:17:00]}  Qb6 {[%clk 0:52:16]} 16. Bxf6 {[%clk 1:16:57]}  gxf6 {[%clk 0:52:28]} 17. Qd3 {[%clk 1:11:34]}  Bc5 {[%clk 0:43:29]} 18. Qf3 {[%clk 1:10:48]}  Rh6 {[%clk 0:40:02]} 19. Rb1 {[%clk 1:04:43]}  Bb4 {[%clk 0:32:18]} 20. a3 {[%clk 1:03:01]}  Bxc3+ {[%clk 0:32:32]} 21. Qxc3 {[%clk 1:02:57]}  Be6 {[%clk 0:31:59]} 22. Bxe6 {[%clk 1:02:10]}  fxe6 {[%clk 0:32:21]} 23. b4 {[%clk 1:02:22]}  d5 {[%clk 0:27:16]} 24. exd5 {[%clk 1:01:59]}  exd5 {[%clk 0:27:36]} 25. Rd1 {[%clk 1:02:20]}  Nc6 {[%clk 0:25:42]} 26. Rxd5 {[%clk 1:02:40]}  Rd8 {[%clk 0:20:22]} 27. Rxd8+ {[%clk 1:02:34]}  Qxd8 {[%clk 0:20:44]} 28. O-O {[%clk 0:58:37]}  Qd5 {[%clk 0:17:34]} 29. Qh3 {[%clk 0:57:05]}  Rg6 {[%clk 0:15:41]} 30. Nc3 {[%clk 0:56:51]}  Qd8 {[%clk 0:14:13]} 31. Qxh4 {[%clk 0:56:17]}  Kg7 {[%clk 0:12:22]} 32. Qe4 {[%clk 0:56:07]}  Qc8 {[%clk 0:10:13]} 33. Ne2 {[%clk 0:55:25]}  Rg4 {[%clk 0:09:38]} 34. Qe3 {[%clk 0:54:59]}  Qf5 {[%clk 0:07:56]} 35. b5 {[%clk 0:54:08]}  Nd4 {[%clk 0:05:02]} 36. Nxd4 {[%clk 0:53:58]}  Rxd4 {[%clk 0:05:22]} 37. c3 {[%clk 0:53:11]}  Ra4 {[%clk 0:05:17]} 38. Qc5 {[%clk 0:53:01]}  Qd7 {[%clk 0:04:34]} 39. b6 {[%clk 0:47:49]}  axb6 {[%clk 0:04:00]} 40. Qxb6 {[%clk 0:48:12]}  Rxa3 {[%clk 0:02:30]} 41. Qb2 {[%clk 0:48:32]}  Ra8 {[%clk 0:00:51]} 42. Rb1 {[%clk 0:48:17]}  b5 {[%clk 0:01:00]} 43. h3 {[%clk 0:47:50]}  Rc8 {[%clk 0:00:49]} 44. Qc2 {[%clk 0:46:16]}  Rc4 {[%clk 0:30:04]} 45. Rd1 {[%clk 1:16:26]}  Qc8 {[%clk 0:29:59]} 46. Rd3 {[%clk 1:16:02]}  e4 {[%clk 0:29:47]} 47. Rg3+ {[%clk 1:16:25]}  Kf7 {[%clk 0:28:43]} 48. Qd1 {[%clk 1:16:30]}  Qf5 {[%clk 0:28:56]} 49. Qd8 {[%clk 1:15:20]}  Rc8 {[%clk 0:28:35]} 50. Qb6 {[%clk 1:12:23]}  Qe5 {[%clk 0:27:58]} 51. Qb7+ {[%clk 1:15:54]}  Rc7 {[%clk 0:25:35]} 52. Qb8 {[%clk 1:13:23]}  Ke6 {[%clk 0:24:29]} 53. h4 {[%clk 1:10:43]}  Rd7 {[%clk 0:22:31]} 54. Qg8+ {[%clk 1:08:01]}  Kd6 {[%clk 0:22:12]} 55. Qb8+ {[%clk 1:06:46]}  Ke6 {[%clk 0:22:21]} 56. Qc8 {[%clk 1:06:58]}  Kd6 {[%clk 0:16:40]} 57. Rg8 {[%clk 1:06:34]}  Rc7 {[%clk 0:14:08]} 58. Rd8+ {[%clk 1:06:10]}  Kc5 {[%clk 0:11:33]} 59. Qa6 {[%clk 1:06:32]}  e3 {[%clk 0:10:25]} 60. Qa3+ {[%clk 1:02:27]}  Kc6 {[%clk 0:10:53]} 61. Qa8+ {[%clk 1:02:34]}  Kc5 {[%clk 0:07:13]} 62. fxe3 {[%clk 0:58:46]}  Qxe3+ {[%clk 0:11:29]} 63. Kh2 {[%clk 0:55:21]}  Qxc3 {[%clk 0:08:29]} 64. Rd5+ {[%clk 0:59:35]}  Kb4 {[%clk 0:08:06]} 65. Qf8+ {[%clk 0:58:28]}  Kc4 {[%clk 0:06:56]} 66. Qd6 {[%clk 0:57:55]}  Rc8 {[%clk 0:07:15]} 67. Rf5 {[%clk 0:51:59]}  Qc1 {[%clk 0:02:09]} 68. Qd7 {[%clk 0:49:27]}  Kb3 {[%clk 0:02:01]} 69. Rxb5+ {[%clk 0:57:49]} 1-0

[Event "Masters Tournament (MTO)"]
[Site "Biel, CH"]
[Date "2025.07.16"]
[Round "3"]
[White "Hoffmann, Alexander"]
[Black "Gruenfeld, Yehuda"]
[Result "0-1"]
[Board "37"]
[WhiteFideId "16240219"]
[BlackFideId "2800020"]
[BlackTitle "GM"]
[WhiteElo "1872"]
[BlackElo "2367"]
[WhiteTeam "GER"]
[BlackTeam "ISR"]
[WhiteClock "0:01:11"]
[BlackClock "0:30:11"]
[Variant "Standard"]

1. c4 {[%clk 1:40:38]}  Nf6 {[%clk 1:40:51]} 2. g3 {[%clk 1:41:00]}  g6 {[%clk 1:39:39]} 3. Bg2 {[%clk 1:40:57]}  Bg7 {[%clk 1:40:42]} 4. Nc3 {[%clk 1:40:43]}  O-O {[%clk 1:41:07]} 5. e4 {[%clk 1:39:15]}  c5 {[%clk 1:34:27]} 6. Nge2 {[%clk 1:38:58]}  Nc6 {[%clk 1:34:52]} 7. O-O {[%clk 1:38:57]}  d6 {[%clk 1:34:46]} 8. d3 {[%clk 1:37:01]}  a6 {[%clk 1:35:05]} 9. Rb1 {[%clk 1:36:35]}  Rb8 {[%clk 1:29:43]} 10. Nd5 {[%clk 1:26:40]}  b5 {[%clk 1:19:24]} 11. b3 {[%clk 1:16:29]}  Bg4 {[%clk 1:06:05]} 12. Be3 {[%clk 1:09:26]}  Bxe2 {[%clk 1:14:52]} 13. Qxe2 {[%clk 1:08:56]}  Nd7 {[%clk 1:08:40]} 14. Qd2 {[%clk 0:59:38]}  e6 {[%clk 1:05:52]} 15. Nc3 {[%clk 0:57:15]}  Qa5 {[%clk 1:08:05]} 16. Rfc1 {[%clk 0:37:03]}  Nd4 {[%clk 0:57:13]} 17. f4 {[%clk 0:33:48]}  f5 {[%clk 0:39:29]} 18. Kh1 {[%clk 0:30:52]}  b4 {[%clk 0:38:48]} 19. Ne2 {[%clk 0:26:03]}  Qb6 {[%clk 0:39:04]} 20. Nxd4 {[%clk 0:23:11]}  cxd4 {[%clk 0:39:25]} 21. Bf2 {[%clk 0:23:05]}  Nc5 {[%clk 0:39:06]} 22. Re1 {[%clk 0:17:53]}  Kh8 {[%clk 0:38:52]} 23. g4 {[%clk 0:14:53]}  fxg4 {[%clk 0:36:14]} 24. e5 {[%clk 0:14:52]}  dxe5 {[%clk 0:35:59]} 25. fxe5 {[%clk 0:14:58]}  Nxd3 {[%clk 0:33:56]} 26. Qxd3 {[%clk 0:14:27]}  Rxf2 {[%clk 0:31:12]} 27. Re2 {[%clk 0:11:03]}  Rf4 {[%clk 0:33:23]} 28. Rf1 {[%clk 0:07:55]}  Rxf1+ {[%clk 0:32:42]} 29. Bxf1 {[%clk 0:08:23]}  Rf8 {[%clk 0:32:34]} 30. Bg2 {[%clk 0:08:00]}  Qc5 {[%clk 0:32:32]} 31. Qe4 {[%clk 0:07:55]}  Bh6 {[%clk 0:31:08]} 32. Re1 {[%clk 0:05:06]}  Be3 {[%clk 0:31:46]} 33. Rd1 {[%clk 0:03:38]}  a5 {[%clk 0:31:29]} 34. h3 {[%clk 0:02:48]}  Rf4 {[%clk 0:30:55]} 35. Qa8+ {[%clk 0:02:34]}  Kg7 {[%clk 0:31:17]} 36. Qb7+ {[%clk 0:02:29]}  Kh6 {[%clk 0:31:08]} 37. Qb8 {[%clk 0:02:21]}  gxh3 {[%clk 0:31:06]} 38. Bb7 {[%clk 0:01:32]}  Qe7 {[%clk 0:29:18]} 39. c5 {[%clk 0:00:54]}  Qf7 {[%clk 0:29:38]} 40. c6 {[%clk 0:00:46]}  Rf1+ {[%clk 0:29:57]} 41. Rxf1 {[%clk 0:01:11]}  Qxf1+ {[%clk 0:30:11]} 0-1

[Event "Masters Tournament (MTO)"]
[Site "Biel, CH"]
[Date "2025.07.16"]
[Round "3"]
[White "Banh Gia Huy"]
[Black "Anetov, Amirzhan"]
[Result "1-0"]
[Board "38"]
[WhiteFideId "12424714"]
[BlackFideId "13784951"]
[WhiteTitle "IM"]
[WhiteElo "2445"]
[BlackElo "1993"]
[WhiteTeam "VIE"]
[BlackTeam "KAZ"]
[WhiteClock "0:02:17"]
[BlackClock "0:00:52"]
[Variant "Standard"]

1. c4 {[%clk 1:40:57]}  g6 {[%clk 1:40:48]} 2. g3 {[%clk 1:41:21]}  Bg7 {[%clk 1:41:14]} 3. Bg2 {[%clk 1:41:48]}  Nf6 {[%clk 1:41:26]} 4. Nf3 {[%clk 1:42:08]}  O-O {[%clk 1:41:10]} 5. O-O {[%clk 1:42:32]}  d6 {[%clk 1:41:38]} 6. Nc3 {[%clk 1:42:52]}  e5 {[%clk 1:42:01]} 7. d4 {[%clk 1:43:18]}  Nc6 {[%clk 1:42:26]} 8. dxe5 {[%clk 1:43:42]}  dxe5 {[%clk 1:42:53]} 9. Bg5 {[%clk 1:44:04]}  h6 {[%clk 1:43:17]} 10. Qxd8 {[%clk 1:43:33]}  Rxd8 {[%clk 1:43:43]} 11. Bxf6 {[%clk 1:43:59]}  Bxf6 {[%clk 1:44:06]} 12. Nd5 {[%clk 1:44:25]}  Kg7 {[%clk 1:44:33]} 13. Nxc7 {[%clk 1:44:49]}  Rb8 {[%clk 1:45:01]} 14. e4 {[%clk 1:44:47]}  g5 {[%clk 1:45:11]} 15. Nd5 {[%clk 1:40:21]}  Be6 {[%clk 1:40:47]} 16. Ne1 {[%clk 1:33:41]}  Nd4 {[%clk 1:33:04]} 17. Nd3 {[%clk 1:33:10]}  h5 {[%clk 1:27:11]} 18. h3 {[%clk 1:26:00]}  h4 {[%clk 1:24:03]} 19. g4 {[%clk 0:53:36]}  Ne2+ {[%clk 1:20:22]} 20. Kh2 {[%clk 0:53:55]}  Nf4 {[%clk 1:20:45]} 21. N3b4 {[%clk 0:50:23]}  Rdc8 {[%clk 1:12:05]} 22. b3 {[%clk 0:49:05]}  a5 {[%clk 1:02:45]} 23. Nc2 {[%clk 0:49:25]}  b5 {[%clk 1:03:07]} 24. Nce3 {[%clk 0:48:55]}  bxc4 {[%clk 1:02:59]} 25. Nxc4 {[%clk 0:48:37]}  Rc5 {[%clk 1:02:05]} 26. Nce3 {[%clk 0:44:37]}  Bd8 {[%clk 0:42:36]} 27. Rfd1 {[%clk 0:44:28]}  Bb6 {[%clk 0:41:20]} 28. Rd2 {[%clk 0:37:24]}  Rc6 {[%clk 0:34:33]} 29. Bf1 {[%clk 0:33:18]}  Bc5 {[%clk 0:25:33]} 30. Bc4 {[%clk 0:29:32]}  Rd8 {[%clk 0:19:06]} 31. Rad1 {[%clk 0:26:22]}  Rcd6 {[%clk 0:15:45]} 32. Nf5+ {[%clk 0:20:33]}  Bxf5 {[%clk 0:16:09]} 33. gxf5 {[%clk 0:20:49]}  Bb4 {[%clk 0:12:08]} 34. Rc2 {[%clk 0:20:02]}  Rc8 {[%clk 0:11:52]} 35. Rcc1 {[%clk 0:19:21]}  Nxd5 {[%clk 0:10:04]} 36. Bxd5 {[%clk 0:19:29]}  Rdd8 {[%clk 0:10:23]} 37. Rxc8 {[%clk 0:17:12]}  Rxc8 {[%clk 0:10:49]} 38. Bc4 {[%clk 0:17:31]}  Rc7 {[%clk 0:10:48]} 39. a4 {[%clk 0:11:32]}  Bc3 {[%clk 0:09:28]} 40. Rd5 {[%clk 0:11:32]}  Kf6 {[%clk 0:07:24]} 41. Kg2 {[%clk 0:10:59]}  Ke7 {[%clk 0:06:05]} 42. Kf3 {[%clk 0:06:06]}  f6 {[%clk 0:06:19]} 43. Rb5 {[%clk 0:03:25]}  Kf8 {[%clk 0:01:30]} 44. Rb8+ {[%clk 0:02:11]}  Kg7 {[%clk 0:01:55]} 45. Rg8+ {[%clk 0:02:28]}  Kh7 {[%clk 0:02:19]} 46. Rg6 {[%clk 0:01:50]}  Rc6 {[%clk 0:02:40]} 47. Bg8+ {[%clk 0:02:18]}  Kh8 {[%clk 0:03:01]} 48. Be6 {[%clk 0:02:40]}  Be1 {[%clk 0:00:59]} 49. Rxf6 {[%clk 0:02:58]}  Rc3+ {[%clk 0:01:24]} 50. Kg4 {[%clk 0:01:56]}  Bxf2 {[%clk 0:01:16]} 51. Kh5 {[%clk 0:01:36]}  g4 {[%clk 0:01:40]} 52. Kg6 {[%clk 0:00:55]}  Bc5 {[%clk 0:01:12]} 53. Rf7 {[%clk 0:01:12]}  Kg8 {[%clk 0:01:39]} 54. f6 {[%clk 0:01:30]}  gxh3 {[%clk 0:00:31]} 55. Rg7+ {[%clk 0:01:49]}  Kf8 {[%clk 0:00:52]} 56. Rg8# {[%clk 0:02:17]} 1-0

[Event "Masters Tournament (MTO)"]
[Site "Biel, CH"]
[Date "2025.07.16"]
[Round "3"]
[White "Zhang, Haoxuan"]
[Black "Monteverde, Jonathan"]
[Result "1-0"]
[Board "40"]
[WhiteFideId "8641552"]
[BlackFideId "1314580"]
[WhiteElo "1979"]
[BlackElo "2127"]
[WhiteTeam "CHN"]
[BlackTeam "SUI"]
[WhiteClock "0:31:39"]
[BlackClock "0:01:09"]
[Variant "Standard"]

1. e4 {[%clk 1:40:55]}  c5 {[%clk 1:40:53]} 2. Nf3 {[%clk 1:41:09]}  d6 {[%clk 1:41:20]} 3. d4 {[%clk 1:41:29]}  cxd4 {[%clk 1:41:26]} 4. Nxd4 {[%clk 1:41:52]}  Nf6 {[%clk 1:41:52]} 5. Nc3 {[%clk 1:42:14]}  a6 {[%clk 1:42:17]} 6. Bd3 {[%clk 1:42:32]}  Nc6 {[%clk 1:42:00]} 7. Nxc6 {[%clk 1:40:13]}  bxc6 {[%clk 1:42:13]} 8. b3 {[%clk 1:39:27]}  e5 {[%clk 1:39:47]} 9. Qe2 {[%clk 1:36:13]}  Be7 {[%clk 1:39:24]} 10. O-O {[%clk 1:35:04]}  O-O {[%clk 1:39:36]} 11. Bb2 {[%clk 1:33:22]}  Bg4 {[%clk 1:26:42]} 12. Qe1 {[%clk 1:25:07]}  Nh5 {[%clk 1:18:32]} 13. h3 {[%clk 1:19:08]}  Be6 {[%clk 1:18:01]} 14. Ne2 {[%clk 1:18:24]}  Bg5 {[%clk 1:15:54]} 15. c4 {[%clk 1:08:35]}  g6 {[%clk 1:13:06]} 16. Qc3 {[%clk 1:10:22]}  f5 {[%clk 0:54:20]} 17. exf5 {[%clk 1:06:59]}  gxf5 {[%clk 0:55:25]} 18. f4 {[%clk 1:02:28]}  Bf6 {[%clk 0:55:41]} 19. fxe5 {[%clk 1:02:43]}  Bxe5 {[%clk 0:51:40]} 20. Qc2 {[%clk 1:00:55]}  Qg5 {[%clk 0:47:52]} 21. Rf3 {[%clk 0:59:25]}  c5 {[%clk 0:41:26]} 22. Raf1 {[%clk 0:44:47]}  f4 {[%clk 0:37:53]} 23. Bxh7+ {[%clk 0:40:01]}  Kg7 {[%clk 0:35:35]} 24. Be4 {[%clk 0:36:39]}  Ra7 {[%clk 0:34:53]} 25. Qd2 {[%clk 0:32:56]}  Rd7 {[%clk 0:29:01]} 26. Nxf4 {[%clk 0:15:40]}  Kh6 {[%clk 0:24:52]} 27. h4 {[%clk 0:38:15]}  Qxf4 {[%clk 0:10:22]} 28. Rxf4 {[%clk 0:38:40]}  Bxf4 {[%clk 0:10:13]} 29. Rxf4 {[%clk 0:37:26]}  Nxf4 {[%clk 0:10:14]} 30. g3 {[%clk 0:37:51]}  d5 {[%clk 0:07:50]} 31. cxd5 {[%clk 0:38:09]}  Bxd5 {[%clk 0:08:05]} 32. gxf4 {[%clk 0:37:57]}  Bc6 {[%clk 0:04:42]} 33. Qg2 {[%clk 0:30:46]}  Bxe4 {[%clk 0:04:41]} 34. Qxe4 {[%clk 0:30:40]}  Rd1+ {[%clk 0:05:00]} 35. Kh2 {[%clk 0:31:04]}  Rd2+ {[%clk 0:05:25]} 36. Kh3 {[%clk 0:31:29]}  Rxb2 {[%clk 0:05:46]} 37. Qe6+ {[%clk 0:30:33]}  Kh7 {[%clk 0:06:09]} 38. Qe7+ {[%clk 0:30:21]}  Kg8 {[%clk 0:06:31]} 39. h5 {[%clk 0:30:16]}  Rf5 {[%clk 0:00:33]} 40. Qe8+ {[%clk 0:30:29]}  Rf8 {[%clk 0:00:43]} 41. Qg6+ {[%clk 0:30:48]}  Kh8 {[%clk 0:01:08]} 42. h6 {[%clk 0:31:14]}  Rg8 {[%clk 0:01:09]} 43. Qf6+ {[%clk 0:31:39]} 1-0

[Event "Masters Tournament (MTO)"]
[Site "Biel, CH"]
[Date "2025.07.16"]
[Round "3"]
[White "Kumbharathi, Vedansh"]
[Black "Yang, Ray"]
[Result "0-1"]
[Board "44"]
[WhiteFideId "30998395"]
[BlackFideId "3220281"]
[BlackTitle "FM"]
[WhiteElo "1931"]
[BlackElo "2081"]
[WhiteTeam "USA"]
[BlackTeam "AUS"]
[WhiteClock "0:04:52"]
[BlackClock "0:36:43"]
[Variant "Standard"]

1. e4 {[%clk 1:40:58]}  e6 {[%clk 1:40:01]} 2. d4 {[%clk 1:40:39]}  d5 {[%clk 1:39:23]} 3. exd5 {[%clk 1:40:28]}  exd5 {[%clk 1:39:19]} 4. Nf3 {[%clk 1:40:52]}  Bd6 {[%clk 1:41:02]} 5. Bd3 {[%clk 1:40:18]}  Nc6 {[%clk 1:39:59]} 6. c3 {[%clk 1:40:04]}  Nge7 {[%clk 1:38:57]} 7. h3 {[%clk 1:39:54]}  Bf5 {[%clk 1:38:00]} 8. O-O {[%clk 1:38:42]}  Qd7 {[%clk 1:37:23]} 9. Bxf5 {[%clk 1:38:55]}  Qxf5 {[%clk 1:35:36]} 10. Re1 {[%clk 1:36:46]}  f6 {[%clk 1:33:16]} 11. Nh4 {[%clk 1:35:22]}  Qd7 {[%clk 1:38:24]} 12. Qh5+ {[%clk 1:36:07]}  Kd8 {[%clk 1:32:52]} 13. b4 {[%clk 1:35:56]}  g5 {[%clk 1:35:39]} 14. Nf3 {[%clk 1:33:43]}  Ng6 {[%clk 1:28:28]} 15. Nbd2 {[%clk 1:28:25]}  Nf4 {[%clk 1:31:13]} 16. Qh6 {[%clk 1:25:09]}  Qf7 {[%clk 1:29:05]} 17. Nf1 {[%clk 1:24:07]}  Nd3 {[%clk 1:24:30]} 18. Nxg5 {[%clk 1:14:00]}  fxg5 {[%clk 1:24:01]} 19. Bxg5+ {[%clk 1:10:03]}  Kd7 {[%clk 1:18:45]} 20. Re3 {[%clk 1:09:21]}  Qxf2+ {[%clk 1:16:28]} 21. Kh1 {[%clk 1:08:57]}  Nf4 {[%clk 1:05:31]} 22. Qg7+ {[%clk 1:08:40]}  Ne7 {[%clk 0:54:25]} 23. Rxe7+ {[%clk 1:07:37]}  Bxe7 {[%clk 1:26:09]} 24. Qxe7+ {[%clk 0:48:46]}  Kc8 {[%clk 1:26:27]} 25. Ne3 {[%clk 0:45:39]}  Ng6 {[%clk 1:25:35]} 26. Qe6+ {[%clk 0:47:42]}  Kb8 {[%clk 1:15:23]} 27. Rf1 {[%clk 0:38:28]}  Qg3 {[%clk 1:15:16]} 28. Qxd5 {[%clk 0:33:59]}  a5 {[%clk 1:12:08]} 29. b5 {[%clk 0:28:33]}  Ka7 {[%clk 1:10:18]} 30. Qc5+ {[%clk 0:25:37]}  b6 {[%clk 1:09:41]} 31. Qc6 {[%clk 0:24:27]}  Rac8 {[%clk 1:04:23]} 32. Rf7 {[%clk 0:26:26]}  Rhf8 {[%clk 0:58:02]} 33. Rxh7 {[%clk 0:21:33]}  Rfe8 {[%clk 0:57:13]} 34. Bh6 {[%clk 0:10:30]}  Ne7 {[%clk 0:53:43]} 35. Qc4 {[%clk 0:08:10]}  Nf5 {[%clk 0:51:03]} 36. Nf1 {[%clk 0:02:24]}  Re1 {[%clk 0:50:07]} 37. Bd2 {[%clk 0:11:42]}  Ra1 {[%clk 0:49:10]} 38. Kg1 {[%clk 0:10:14]}  Kb8 {[%clk 0:42:53]} 39. Qe2 {[%clk 0:05:32]}  Qg6 {[%clk 0:36:54]} 40. Qh5 {[%clk 0:04:52]}  Rxf1+ {[%clk 0:36:43]} 0-1